Statistics for Countries Where Disney+ Is Available

Click here to take the quiz!

General Stats

  • This quiz has been taken 48 times
  • The average score is 60 of 103

Answer Stats

Country% Correct
United Kingdom
100%
United States
96%
Canada
92%
Japan
92%
Mexico
92%
South Korea
92%
Brazil
88%
Denmark
88%
France
88%
Germany
83%
Greece
83%
Italy
83%
Spain
83%
Turkey
83%
Finland
79%
Ireland
79%
Poland
79%
Argentina
75%
Austria
75%
Colombia
75%
India
75%
Norway
75%
Peru
75%
Portugal
75%
Sweden
75%
Thailand
75%
Belgium
71%
Indonesia
71%
Switzerland
71%
Vietnam
71%
Australia
67%
Chile
67%
Estonia
67%
Lithuania
67%
Philippines
67%
South Africa
67%
Bulgaria
63%
Czech Republic
63%
Egypt
63%
Hungary
63%
Iceland
63%
Latvia
63%
Malaysia
63%
Netherlands
63%
New Zealand
63%
Panama
63%
Slovakia
63%
Croatia
58%
Ecuador
58%
Luxembourg
58%
Bosnia and Herzegovina
54%
Israel
54%
Kuwait
54%
Romania
54%
San Marino
54%
Serbia
54%
Uruguay
54%
Albania
50%
Bolivia
50%
Dominican Republic
50%
Guatemala
50%
Haiti
50%
Morocco
50%
Qatar
50%
Saudi Arabia
50%
Singapore
50%
Vatican City
50%
Venezuela
50%
Andorra
46%
Bahamas
46%
Bahrain
46%
Guyana
46%
Liechtenstein
46%
Paraguay
46%
Slovenia
46%
United Arab Emirates
46%
Yemen
46%
Costa Rica
42%
El Salvador
42%
Iraq
42%
Jamaica
42%
Jordan
42%
Malta
42%
Monaco
42%
Montenegro
42%
North Macedonia
42%
Oman
42%
Algeria
38%
Dominica
38%
Honduras
38%
Nicaragua
38%
Saint Kitts and Nevis
38%
Saint Vincent and the Grenadines
38%
Suriname
38%
Antigua and Barbuda
33%
Barbados
33%
Grenada
33%
Lebanon
33%
Saint Lucia
33%
Trinidad and Tobago
33%
Kosovo
29%
Tunisia
25%
Libya
21%

Score Distribution

Percentile by Number Answered

Percent of People with Each Score

Your Score History

You have not taken this quiz